Statistiques concernant Villes par lieux célebres.

Cliquez ici pour prendre le quiz!

Statistiques générales

  • Ce quiz a été pris 165 fois
  • Le résultat moyen est 10 sur 12

Statistiques - réponses

MonumentVille% Correct
Empire State BuildingNew York City
99%
Tour EiffelParis
99%
Big BenLondres
99%
ColiséeRome
99%
Tour penchée dePise
99%
Porte de BrandebourgBerlin
91%
Sagrada FamiliaBarcelone
89%
CopacabanaRio de Janeiro
82%
Burj KhalifaDubaï
73%
Cathédrale Saint-BasileMoscou
58%
Tour CNToronto
48%
SkyTreeTokyo
28%

Distribution des résultats

Percentile par nombre de réponses

% des personnes avec chaque résultat

Votre développement - résultats

Vous n’avez pas pris ce quiz